000 00546nam a2200217 a 4500
999 _c4185
_d4185
001 4185
003 BD-JhCC
005 20171123201049.0
008 171123s1964 e a|||| || | 001 0 eng d
035 _a(BD-JhCC)4185
040 _aBD-JhCC
_dBD-JhCC
041 _aeng
082 _a916
_bCHU 1964
100 _aChurchill, Winston S.
245 _aFirst Journey /
_cWinston S. Churchill,
260 _aLondon :
_bWilliam Heinemann Ltd,
_c1964
300 _a225 p. :
_c21 cm.
650 _aTravel
_zAfrica
942 _2ddc
_cBK